Countries - A,P,R,I,L,F,O,O,L,S Quiz Stats

Quiz Updated Apr 9, 2017

Challenge
Share
Tweet
Embed
Score 0/13 Timer 09:00
7 Plays Today
% Correct
At any point, if you gotta have some help, type 'HINT 1', then 'HINT 2', and finally 'HINT 3'.
100%
HINT 1: Each of the letters A,P,R,I,L,F,O,S is important
82%
HINT 2: The '-' in the 'Can you name...' instructions is significant
74.1%
HINT 3: Knowing the first letter of the answer would help you solve this quickly.
69.8%
OF THE
37%
LETTERS: A, P, R, I, L,
36.8%
CORRECT!
36.8%
ONLY COUNTRY
36.7%
WHICH
36.7%
YEMEN IS THE
36.7%
DOES NOT
36.7%
CONTAIN ANY
36.7%
F, O, (O), (L), S!
36.7%

You're not logged in!

Compare scores with friends on all Sporcle quizzes.
Sign Up with Email
OR
Log In

You Might Also Like...

Show Comments

Extras

Top Quizzes Today


Score Distribution

Your Account Isn't Verified!

In order to create a playlist on Sporcle, you need to verify the email address you used during registration. Go to your Sporcle Settings to finish the process.